000 00759nam a2200265Ia 4500
005 20260302115816.0
008 008 260114s9999 xx 000 0 eng d
020 _a9781509961573
037 _aTextbook
040 _aCRL
040 _beng
040 _cCRL
041 _2eng
041 _aeng
084 _qCRL
100 _aXandra Kramer, Stefaan Voet, Lorenz Ködderitzsch, Magdalena Tulibacka and Burkhard Hess
_91122735
245 0 _aDelivering Justice A Holistic and Multidisciplinary Approach
260 _bBloomsbury
260 _bHart Publishing
260 _c2022
650 _aLaw
856 _uhttps://doi.org/10.5040/9781509961573?locatt=label:secondary_bloomsburyCollections
942 _cEBOOK
999 _c1687540
_d1687540